| 000 | 00431nam a22001577a 4500 | ||
|---|---|---|---|
| 008 | 230807b |||||||| |||| 00| 0 eng d | ||
| 040 |
_aNational Science Library _cNational Science Library |
||
| 080 | _a576.8.095(05) | ||
| 245 | _aAdvances in chemotherapy | ||
| 260 |
_aLondon: _bAcademic Press, _c1965 |
||
| 300 | _ax, 416p, | ||
| 650 | _aPhysiology | ||
| 653 | _aGas | ||
| 700 | _aGoldin, Abraham (Ed.) | ||
| 942 |
_2udc _cBK |
||
| 999 |
_c58262 _d58262 |
||